| 000 | 00730nam a2200229Ia 4500 | ||
|---|---|---|---|
| 003 | OSt | ||
| 005 | 20220927105601.0 | ||
| 006 | a|||||r|||| 00| 0 | ||
| 007 | ta | ||
| 008 | 220926b |||||||| |||| 00| 0 eng d | ||
| 024 | _a191892 | ||
| 037 | _cReference Collections | ||
| 040 |
_aRTL _cRTL _beng |
||
| 041 |
_2eng _aeng |
||
| 082 | _a"X9(D2).2.M89<-M88, GD" | ||
| 245 | 0 | _aWATER QUALITY statistics of India 1988 and 1989 | |
| 260 |
_aNew _bDelhi Central Pollution Control Board _c1990 |
||
| 300 |
_a257p _ccm. |
||
| 490 | _aMonitoring of Indian National Aquatic Resources Series: MINARS/5/1990-91 | ||
| 942 |
_h"X9(D2).2.M89<-M88, GD" _cCC |
||
| 999 |
_c693292 _d693292 |
||